000 00305 a2200157 4500
001 174204
020 _a
040 _cMagnum
100 _aFrancois, P.
240 1 0 _aA pantera negra
_lpor
245 1 0 _aA pantera negra
362 0 _a1899
440 1 _aÁtica
697 _aIJ/ANIMAIS
942 _cBK
999 _c174204
_d174204